Logo CIB grande

VEINTICINCO (25) AÑOS DE LA DEMOCRACIA DEN EL ECUADOR: BALANCES Y PERSPECTIVAS (Registro nro. 225022)

Detalles MARC
000 -LEADER
campo de control de longitud fija 00657nam a2200241Ia 4500
005 - FECHA Y HORA DE LA ÚLTIMA TRANSACCIÓN
campo de control 20250425162229.0
008 - DATOS DE LONGITUD FIJA--INFORMACIÓN GENERAL
campo de control de longitud fija 250425s9999 xx 000 0 und d
020 ## - NÚMERO INTERNACIONAL ESTÁNDAR DEL LIBRO
Número Internacional Estándar del Libro 9978446095
041 ## - CÓDIGO DE IDIOMA
Código de lengua del texto/banda sonora o título independiente spa
043 ## - CÓDIGO DE ÁREA GEOGRÁFICA
Código de área geográfica ec
082 ## - NÚMERO DE LA CLASIFICACIÓN DECIMAL DEWEY
Número de clasificación 321.4
010 ## - NÚMERO DE CONTROL DE LA BIBLIOTECA DEL CONGRESO
Número de control de LC 58138
100 ## - ENTRADA PRINCIPAL--NOMBRE DE PERSONA
Nombre de persona FUNDACION FRIEDRICH EBERT, INSTITUTO LATINOAMERICANO DE INVESGACIONES SOCIALES FES ILDIS
245 #0 - MENCIÓN DEL TÍTULO
Título VEINTICINCO (25) AÑOS DE LA DEMOCRACIA DEN EL ECUADOR: BALANCES Y PERSPECTIVAS
250 ## - MENCION DE EDICION
Mención de edición 1A ED.
260 ## - PUBLICACIÓN, DISTRIBUCIÓN, ETC.
Lugar de publicación, distribución, etc. Ecuador
Nombre del editor, distribuidor, etc. ILDIS
Fecha de publicación, distribución, etc. 2004
260 ## - PUBLICACIÓN, DISTRIBUCIÓN, ETC.
Lugar de publicación, distribución, etc. QUITO
300 ## - DESCRIPCIÓN FÍSICA
Extensión 179
650 ## - PUNTO DE ACCESO ADICIONAL DE MATERIA--TÉRMINO DE MATERIA
Término de materia o nombre geográfico como elemento de entrada BALANCES
650 ## - PUNTO DE ACCESO ADICIONAL DE MATERIA--TÉRMINO DE MATERIA
Término de materia o nombre geográfico como elemento de entrada DEMOCRACIA-ECUADOR
710 ## - ENTRADA AGREGADA--NOMBRE DE ENTIDAD CORPORATIVA
Nombre de entidad corporativa o nombre de jurisdicción como elemento de entrada FES-ILDIS
942 ## - ELEMENTOS DE ENTRADA SECUNDARIOS (KOHA)
Tipo de ítem Koha Libros
Existencias
Estatus retirado Estado de pérdida Estado de daño No para préstamo Biblioteca de origen Biblioteca actual Ubicación en estantería Fecha de adquisición Coste, precio normal de compra Total de préstamos Código de barras Copia número Nota pública
        ESCUELA DE NEGOCIOS ESCUELA DE NEGOCIOS   13/06/2006 20.00   D-P 07824 1 DONADO
        ESCUELA DE NEGOCIOS ESCUELA DE NEGOCIOS   13/06/2006 20.00   D-P 07825 2 DONADO

Copyright 2025 ESPOL. Todos los derechos reservados.